THE FUTURES OF WOMEN (Record no. 33348)

MARC details
000 -LEADER
fixed length control field 00285nam a22001217a 4500
003 - CONTROL NUMBER IDENTIFIER
control field SGT
082 ## - DEWEY DECIMAL CLASSIFICATION NUMBER
Classification number 305.42
Item number COR
100 ## - MAIN ENTRY--PERSONAL NAME
Personal name CORDUCK PAMELA
245 ## - TITLE STATEMENT
Title THE FUTURES OF WOMEN
Remainder of title SCENARIOS FOR THE 21ST CENTURY
260 ## - PUBLICATION, DISTRIBUTION, ETC. (IMPRINT)
Place of publication, distribution, etc USA
Name of publisher, distributor, etc ADDISON WESLEY
Year of Publication 1996
300 ## - PAGE DESCRIPTION
No. of Pages 288
942 ## - ADDED ENTRY ELEMENTS (KOHA)
Source of classification or shelving scheme Dewey Decimal Classification
Koha item type Books
Holdings
Withdrawn status Lost status Source of classification or shelving scheme Damaged status Not for loan Collection code Home library Current library Date acquired SGTU Total Checkouts Full call number Accession No. (Barcode) Date last seen Bill Date Koha item type
    Dewey Decimal Classification   Not For Loan LAW SGT Science & Social Sciences Library SGT Science & Social Sciences Library 15/01/2026 SGTU   305.42 COR FL3906 15/01/2026 15/01/2026 Books